000112405 001__ 112405
000112405 005__ 20220511140726.0
000112405 0248_ $$2sideral$$a124599
000112405 037__ $$aART-2017-124599
000112405 041__ $$aspa
000112405 100__ $$0(orcid)0000-0001-8274-6217$$aSánchez Álvarez, César
000112405 245__ $$aEmprendimiento e innovación social. Elementos de contextualización para la convivencia pacífifica a través de la asociatividad en Colombia
000112405 260__ $$c2017
000112405 5060_ $$aAccess copy available to the general public$$fUnrestricted
000112405 5203_ $$aEl artículo se propone ofrecer los elementos de contextualización para la convivencia pacífica desde la asociatividad, entendiéndola como un proceso de emprendimiento social dentro de la economía social y so- lidaria que necesita de prácticas de innovación social para transformar la realidad socioproductiva de contextos que han experimentado los efectos del conflicto armado. Este artículo expone los elementos insti- tucionales y teóricos; de igual manera, trae a discusión las tendencias in- ternacionales y nacionales que refuerzan y caracterizan las estrategias de emprendimiento social basadas en la innovación social. Los elementos de contextualización que se plantean tienen el propósito de enriquecer el Proyecto Educativo Lasallista.
000112405 540__ $$9info:eu-repo/semantics/openAccess$$aby-nc-nd$$uhttp://creativecommons.org/licenses/by-nc-nd/3.0/es/
000112405 655_4 $$ainfo:eu-repo/semantics/article$$vinfo:eu-repo/semantics/publishedVersion
000112405 773__ $$g2017, 73 (2017), 241-258$$pRev. Univ. La Salle$$tRevista de la Universidad de la Salle$$x0120-6877
000112405 8564_ $$s213416$$uhttps://zaguan.unizar.es/record/112405/files/texto_completo.pdf$$yVersión publicada
000112405 8564_ $$s816639$$uhttps://zaguan.unizar.es/record/112405/files/texto_completo.jpg?subformat=icon$$xicon$$yVersión publicada
000112405 909CO $$ooai:zaguan.unizar.es:112405$$particulos$$pdriver
000112405 951__ $$a2022-05-11-12:47:44
000112405 980__ $$aARTICLE